000 00338nam a2200157Ia 4500
100 _aCarr/Joseph J
250 _a3
942 _cBK
366 _f23
245 _aSecrets pf RF circuit design
260 _bTata Mc Graw hill Ltd.
_c2001
082 _a621.381 32
_bCAR
300 _a533
546 _aENGLISH
_cPAMPHALETS
999 _c34896
_d34896